Erinnerungen aus der Jugendzeit
| Titel: | Erinnerungen aus der Jugendzeit |
|---|---|
| Verfasser: | |
| In: |
Vereinigung Ehemaliger Schüler des Dom- und Real-Gymnasiums zu Kolberg (Ostseebad), Pommern: Mitteilungen der Vereinigung Ehemaliger Schüler des Dom- und Real-Gymnasiums zu Kolberg, Ostseebad, Pommern, Heft 97 (2006), Seite 2754-2762, 11. Abb. alle Artikel anzeigen |
| Veröffentlicht: | 2006 |
| Format: | Aufsatz |
| Sprache: | Deutsch |
X
alg: 39174812 001A $01999:11-11-16 001B $01999:12-03-21 $t19:05:34.000 001C $06050:19-11-16 $t15:08:38.000 001D $01999:11-11-16 001U $0utf8 001X $00 002@ $0Aox 003@ $0391748122 007A $0391748122 $aHEB 007T $0Herdc0029118m 010@ $ager 011@ $a2006 021A $aErinnerungen aus der Jugendzeit 028A $aWestphal $dGünter 031A $e97 $h2754-2762, 11. Abb. $j2006 039B $aIn $8--Abvc--Vereinigung Ehemaliger Schüler des Dom- und Real-Gymnasiums zu Kolberg (Ostseebad), Pommern [Tb1]. Mitteilungen der Vereinigung Ehemaliger Schüler des Dom- und Real-Gymnasiums zu Kolberg, Ostseebad, Pommern. - Hamburg : [Verlag nicht ermittelbar], 1970-2020 $x200600000000097246 $9054887488 045F $a900.94381609041 $eDDC23BSB 045F/01 $a900 045F/03 $f09041 045F/03 $f09042 045F/03 $f09043 045F/03 $g43816 045T $a7,41 $a8,1 lok: 39174812 78 exp: 39174812 78 1 #EPN 201B/01 $027-06-18 $t23:05:09.000 201U/01 $0utf8 203@/01 $078784294X 208@/01 $a11-11-16 $be 209A/01 $a/ $f000 $x00 220C/01 $aTitelaufnehmer: kk 220C/01 $aHerkunft: HI Marburg 244Z/01 $2Trx $#Pomeranija $#Pommern $#Pomoransko $#Pomořansko $#Hinterpommern;Vorpommern;Mittelpommern $#Pomorze Środkowe;Pomorze Przednie $#Pomořansko;Západní Pomořany; Pomořany $8--Trx--Pomorze Zachodnie $x01 $9391303775 244Z/01 $#Kolberg $75057070-5 $8--Tg1--Kołobrzeg $x02 $9044717024 244Z/01 $2Trx $#mälestused $#atsiminimai $#Memoirs $#emlékezések $#wspomnienia $#spomienky $#vzpomínky $#memuaarid $#Memoiren $#pamiętniki $#pamäti $#paměti $8--Trx--Erinnerungen $x03 $9391357727 244Z/01 $2Trx $#turud $#turgūs $#markets $#piacok $#targi i jarmarki $#trhy $#trhy $#jarmarki $#trhy výročné $8--Trx--Märkte $x04 $9391366920 244Z/01 $2Trx $#linnavaated $#miestų vaizdai ikonografija $#Cities and towns, representations of $#városnézések $#ikonografia, widoki miast $#pohľady miest $#zobrazení měst $8--Trx--Stadtansichten $x05 $9391355104 244Z/01 $2Trx $#teed ja platsid $#gatvės ir aikštės $#streets and places $#útcák és terek $#place i ulice $#ulice a námestie $#ulice a náměstí $#Plätze $#ulice $#námestie $#náměstí $8--Trx--Straßen und Plätze $x06 $9391374079 244Z/01 $2Trx $8--Trx--Zeitschriftenaufsatz $x07 $9391384341 245Z/01 $a03.04.02 $x01 247C/01 $82080>Marburg/Lahn, Herder-Institut, Forschungsbibliothek, Bibliographieportal $9336309341
| LEADER | 00000caa a22000002c 4500 | ||
|---|---|---|---|
| 001 | 391748122 | ||
| 003 | DE-603 | ||
| 005 | 20210312190534.0 | ||
| 007 | tu | ||
| 008 | 161111s2006 xx |||| | u00||u|ger c | ||
| 035 | |a (DE-599)HEB391748122 | ||
| 040 | |a DE-603 |b ger |c DE-603 |d DE-603 | ||
| 041 | |a ger | ||
| 082 | 0 | 4 | |8 1\u |a 900.94381609041 |q DE-101 |2 23/BSB |
| 084 | |a 7,41 |a 8,1 |2 ssgn | ||
| 085 | |8 1\u |b 900 | ||
| 085 | |8 1\u |z 1 |s 09041 | ||
| 085 | |8 1\u |z 1 |s 09042 | ||
| 085 | |8 1\u |z 1 |s 09043 | ||
| 085 | |8 1\u |z 2 |s 43816 | ||
| 100 | 1 | |a Westphal, Günter | |
| 245 | 0 | 0 | |a Erinnerungen aus der Jugendzeit |
| 264 | 0 | |c 2006 | |
| 773 | 0 | 8 | |i In |a Vereinigung Ehemaliger Schüler des Dom- und Real-Gymnasiums zu Kolberg (Ostseebad), Pommern |t Mitteilungen der Vereinigung Ehemaliger Schüler des Dom- und Real-Gymnasiums zu Kolberg, Ostseebad, Pommern |d Hamburg : [Verlag nicht ermittelbar], 1970-2020 |h 30 cm |g Heft 97 (2006), Seite 2754-2762, 11. Abb. |w (DE-603)054887488 |w (DE-600)1361441-1 |
| 924 | 0 | |9 2080 |a (DE-603)78784294X |b DE-2080 |c HES |d d |g / | |


